Open Data Biblioteca Nacional de Portugal


República Portuguesa: Ministério da Cultura
Biblioteca Nacional de Portugal

Catálogo da BNP: acesso por Identificadores Unívocos
Registos Bibliográficos associados ao registo de autoridade

Etiqueta de registo: 01094cam 02200277 04500
001 949101
003 http://id.bnportugal.gov.pt/bib/catbnp/949101
005 19990617000000.0
095 ## $aPTBN00963452
100 ## $a19980305d1997 k y0pory0103 ba
101 0# $apor
102 ## $aPT
105 ## $ay n 000yy
106 ## $ar
200 1# $aLei sobre o regime jurídico dos estrangeiros na República de Angola$eLei nº 3-94 de 21 de Janeiro$ecomentários e anotações ;$aRegulamento sobre o regime jurídico dos estrangeiros$edecreto nº 48-94, de 25 de Novembro$fCarlos Alberto B. Burity da Silva, David Rodrigues da Rocha
210 #9 $a[S.l.]$cC. A. B. B. da Silva$cD. R. da Rocha,$d[D.L. 1997]$eAmadora :$gImpresse 4)
215 ## $a68, [1] p.$d21 cm
500 00 $aLeis, decretos, etc.
675 ## $a351.756-054.6(673)(094.5)$vBN$zpor$3857993
702 #1 $aRocha,$bDavid Rodrigues da$4020$3276628
702 #1 $aSilva,$bCarlos B. Burity da,$f1957-$4020$3237745
710 01 $aAngola.$3102745
801 #0 $aPT$bBN$gRPC
966 ## $c2$lBN$mFGMON$sS.C. 78703 V.$x1
966 ## $c2$lBN$mFGMON$sS.C. 78703 V.$x1

Etiqueta de registo: 00798cam 022002773 04500
001 638142
003 http://id.bnportugal.gov.pt/bib/catbnp/638142
005 19990105000000.0
010 ## $a972-700-068-1
021 ## $aPT$b102182/96
095 ## $aPTBN00849774
100 ## $a19970113d1996 m y0pory0103 ba
101 0# $apor
102 ## $aPT
105 ## $ay n 001yy
106 ## $ar
200 1# $aPoder disciplinar e discricionariedade$fCarlos Alberto Burity da Silva
210 #9 $a[S.l.]$cC. Silva,$dD.L. 1996$eLisboa :$gImpério)
215 ## $a50 p.$d21 cm
320 ## $aBibliografia, p. 43-50
675 ## $a342.9$vBN$zpor$3481534
700 #1 $aSilva,$bCarlos B. Burity da,$f1957-$3237745
801 #0 $aPT$bBN$gRPC
966 ## $c2$lBN$mFGMON$sS.C. 75755 V. $x1
966 ## $c2$lBN$mFGMON$sS.C. 75755 V. $x1

Etiqueta de registo: 00230nam 2200025 450
001 1891054
003 http://id.bnportugal.gov.pt/bib/catbnp/1891054
021 ## $aAO$b380877/14
100 ## $a20141215d2014 k y0pory01030103ba
101 0# $apor
102 ## $aAO
105 ## $ay j 000yy
106 ## $ar
200 1# $aTeoria geral do direito civil$fCarlos Alberto B. Burity da Silva
205 ## $a2ª ed. rev. e actualiz
210 #9 $aLuanda$cFaculdade de Direito da UAN,$d2014$e[Santo Tirso] :$gNorprint - A Casa do Livro)
215 ## $a697 p.$d24 cm
225 2# $aFaculdade de Direito UAN
320 ## $aBibliografia, p. 677-683
675 ## $a347.1(673)(075.8)$vBN$zpor$31566724
700 #1 $aSilva,$bCarlos B. Burity da,$f1957-$3237745
801 #0 $aPT$bBN$gRPC
856 41 $uhttp://rnod.bnportugal.gov.pt/ImagesBN/winlibimg.aspx?skey=&doc=1891054&img=54472&save=true
966 ## $lBN$mFGMON$sS.C. 139601 V.$x1

Etiqueta de registo: 00230nam 2200025 450
001 1361152
003 http://id.bnportugal.gov.pt/bib/catbnp/1361152
021 ## $aAO$b2142/04
100 ## $a20051215d2004 k y0pory0103 ba
101 0# $apor
102 ## $aAO
105 ## $ay j 001yy
106 ## $ar
200 1# $aTeoria geral do direito civil$fCarlos Alberto B. Burity da Silva
210 #9 $aLuanda$cFaculdade de Direito da UAN,$d2004
215 ## $a642 p.$d23 cm
225 2# $aFaculdade de Direito UAN
320 ## $aBibliografia, p. 625-627
675 ## $a347.1(673)(075.8)$vBN$zpor$31566724
700 #1 $aSilva,$bCarlos B. Burity da,$f1957-$3237745
801 #0 $aPT$bBN$gRPC
966 ## $lBN$mFGMON$sS.C. 104529 V.$x1

Etiqueta de registo: 00000nam 2200025 450
001 1936536
003 http://id.bnportugal.gov.pt/bib/catbnp/1936536
021 ## $aPT$b403980/16
100 ## $a20160713d2016 m y0pory01030103ba
101 0# $apor
102 ## $aPT
105 ## $aa z 000yy
106 ## $ar
200 1# $aVitimologia$emelhor atenção às vítimas de actos delituosos$fCarlos Alberto B. Burity da Silva
210 #9 $a[S.l.$cs.n.],$d2016$e[Santo Tirso] :$gimp. Norprint-Artes Gráficas)
215 ## $a270 p.$cil.$d23 cm
675 ## $a343.9(673)"20"$vBN$zpor$31652992
675 ## $a343.6(673)"20"$vBN$zpor$31652993
675 ## $a351.74(673)"20"$vBN$zpor$31652994
675 ## $a351.75(673)"20"$vBN$zpor$31652996
700 #1 $aSilva,$bCarlos B. Burity da,$f1957-$3237745
801 #0 $aPT$bBN$gRPC
856 41 $uhttp://rnod.bnportugal.gov.pt/ImagesBN/winlibimg.aspx?skey=&doc=1936536&img=80183&save=true
900 ## $aBIBNAC$d20160811
966 ## $lBN$mFGMON$sS.C. 143666 V.$x1

Etiqueta de registo: 00760cam 022002653 04500
001 638330
003 http://id.bnportugal.gov.pt/bib/catbnp/638330
005 19990105000000.0
010 ## $a972-700-067-3
021 ## $aPT$b102181/96
095 ## $aPTBN00849963
100 ## $a19970114d1996 m y0pory0103 ba
101 0# $apor
102 ## $aPT
105 ## $ay z 001yy
106 ## $ar
200 1# $aIlicitude e legitima defesa$fCarlos Alberto B. Burity da Silva
210 #9 $a[S.l.]$cC.A.B.B. da Silva,$dD.L. 1996$eLisboa :$gImpério)
215 ## $a56 p.$d21 cm
675 ## $a342.7$vBN$zpor$3290247
700 #1 $aSilva,$bCarlos B. Burity da,$f1957-$3237745
801 #0 $aPT$bBN$gRPC
966 ## $c2$lBN$mFGMON$sS.C. 75696 V.$x1
966 ## $c2$lBN$mFGMON$sS.C. 75696 V.$x1

Etiqueta de registo: 00254nam 2200025 450
001 2280842
003 http://id.bnportugal.gov.pt/bib/catbnp/2280842
010 ## $a978-989-402996-0
021 ## $aPT$b555467/25
100 ## $a20260317d2025 k y0pory01030103ba
101 0# $apor
102 ## $aPT
105 ## $ay e 000yy
106 ## $ar
200 1# $aDicionário jurídico Angolano$ddireito civil, direito processual civil, organização judiciária$fAna Prata, Carlos Burity da Silva
210 #9 $aCoimbra$cAlmedina,$d2025
215 ## $a698, [1] p.$d23 cm
225 2# $aDicionários jurídicos
675 ## $a347(673)(035)$vBN$zpor$31995327
700 #1 $aPrata,$bAna,$f1949-$369433
701 #1 $aSilva,$bCarlos B. Burity da,$f1957-$4070$3237745
801 #0 $aPT$bBN$gRPC
856 41 $uhttp://rnod.bnportugal.gov.pt/ImagesBN/winlibimg.aspx?skey=&doc=2280842&img=221281&save=true
900 ## $aBIBNAC$d20260417
966 ## $lBN$mFGMON$sS.C. 168892 V.$x1
966 ## $lBN$mFGMON$sS.C. 168892 V.-D$x1
971 ## $cabrito$d20260317
972 ## $e0$z0$d20260417$vlrevez
973 ## $cmlsousa$d20260410

OpendataBNP@bnportugal.pt | Mais informação sobre acesso aos dados BNP